00987 a2200181 45000010006000000050017000060080041000230030015000640400040000790800035001192450047001540200022002012640043002233000024002665050480002900410008007701000027007786398520260521160828.0260521a1998 arg spa dAR-UNSa-BCEJYS aAR-UNSa-BCEJYSbspacAR-UNSa-BCEJYS a657.47xContabilidad de Costos10aElementos básicos de costos industriales a978-950-537-428-1 1aBuenos Aires :bEdiciones Macchic1998 axvi, 254 p.c22 cm. a1. La empresa y los costos – 2. Ciclos de la contabilidad de costos – 3. Materiales y materias primas – 4. Mano de obra directa – 5. Carga fabril – 6. Sistemas de costos – 7. Sistema de contabilidad de costos por órdenes especificas – 8. Sistema de contabilidad por procesos – 9. Costeo de la producción conjunta – 10. Costos estimados – 11. Costo estándar – 12. Los costos contables y los costos económicos – 13. Reportes a la dirección – aspa1 aCarro, Roberto Ricardo